01212nam a2200253 i 4500001001000000003000900010005001700019007000300036008004100039040003000080082002800110110007500138240001800213245007100231264004300302300002400345336002700369337003500396338003000431500023500461505014200696650004600838710007400884000026636DO-SdBNP20240822132919.0ta090630s1844 dr 000 0 spa d aDO-SdBNPbspacBNPHUerda 4a348.7293028bR426i 2221 aRepública Dominicana.bSecretaría de Estado de Asuntos Jurídicos10a[Leyes, etc.]10aÍndice general de la legislación de la República Dominicana. aSanto Domingo :bLa Nación,c[1844]. avolumenes ;c26 cm. 2rdacontentatextobtxt 2rdamedia asin mediación bn 2rdacarrieravolumen bnc aLa biblioteca posee los años de : 1844-1984 publicado por Esquea & Valenzuela; 1944-1958 publicado por Editorial La Nación; 1958, 1961-1984, 2006-2007, 2009-2013, 2017 publicado por Consultoría Jurídica del Poder Ejecutivo0 a1844-1984 :gv.2 Letra B --tDel 1944 - al año 1958 - Era de Trujillo :g(v.5 - de la A a B ; v.6 - de la C a la D; v.7 de la E a la G) 4aDerechozRepública DominicanavÍndice12aRepública Dominicana.bConsultoría Jurídica del Poder Ejecutivo